Annotated Bibliography on Himalaya: (Record no. 205495)
[ view plain ]
| 000 -LEADER | |
|---|---|
| fixed length control field | 01093nam a22002897a 4500 |
| 003 - CONTROL NUMBER IDENTIFIER | |
| control field | dpl |
| 005 - DATE AND TIME OF LATEST TRANSACTION | |
| control field | 20240903144105.0 |
| 008 - FIXED-LENGTH DATA ELEMENTS--GENERAL INFORMATION | |
| fixed length control field | 231221b |||||||| |||| 00| 0 eng d |
| 010 ## - LIBRARY OF CONGRESS CONTROL NUMBER | |
| LC control number | ENG-141569 |
| 020 ## - INTERNATIONAL STANDARD BOOK NUMBER | |
| International Standard Book Number | 9788181820334 |
| Terms of availability | 4800.00 |
| 035 ## - SYSTEM CONTROL NUMBER | |
| System control number | EN-125101 |
| 037 ## - SOURCE OF ACQUISITION | |
| Source of stock number/acquisition | DBAD |
| 040 ## - CATALOGING SOURCE | |
| Transcribing agency | 0 |
| 082 ## - DEWEY DECIMAL CLASSIFICATION NUMBER | |
| Classification number | 915.49604 |
| 100 ## - MAIN ENTRY--PERSONAL NAME | |
| 9 (RLIN) | 70408 |
| 245 ## - TITLE STATEMENT | |
| Title | Annotated Bibliography on Himalaya: |
| Remainder of title | Physical Science/ |
| Statement of responsibility, etc | Edited By Yoginder Verma...etal |
| 260 ## - PUBLICATION, DISTRIBUTION, ETC. (IMPRINT) | |
| Place of publication, distribution, etc | Shimla |
| Name of publisher, distributor, etc | Institute of Integrated Himalayan Studies |
| Date of publication, distribution, etc | 2007 |
| 270 ## - ADDRESS | |
| Address | Himachal Pradesh University |
| City | Shimla |
| State or province | Shimla |
| Country | India |
| 300 ## - PHYSICAL DESCRIPTION | |
| Extent | 361p. |
| Dimensions | 24cm(hb) |
| 440 ## - SERIES STATEMENT/ADDED ENTRY--TITLE | |
| Volume number/sequential designation | Vol 3 |
| 700 ## - ADDED ENTRY--PERSONAL NAME | |
| 9 (RLIN) | 70876 |
| Personal name | Verma, Yoginder |
| Relator term | Editor |
| 700 ## - ADDED ENTRY--PERSONAL NAME | |
| Personal name | Santvan, Virender K. |
| Relator term | Editor |
| 9 (RLIN) | 70912 |
| 700 ## - ADDED ENTRY--PERSONAL NAME | |
| Personal name | Attri, Pawan K. |
| Relator term | Editor |
| 9 (RLIN) | 70913 |
| 700 ## - ADDED ENTRY--PERSONAL NAME | |
| Personal name | Gupta, Pankaj |
| Relator term | Editor |
| 9 (RLIN) | 70914 |
| 942 ## - ADDED ENTRY ELEMENTS (KOHA) | |
| Koha item type | English Books |
| Classification part | 915.49604 |
| Call number suffix | ANN |
| Source of classification or shelving scheme | Dewey Decimal Classification |
| Withdrawn status | Lost status | Source of classification or shelving scheme | Damaged status | Not for loan | Collection code | Home library | Current library | Date acquired | Source of acquisition | Cost, normal purchase price | Total Checkouts | Full call number | Barcode | Date last seen | Copy number | Cost, replacement price | Price effective from | Koha item type |
|---|---|---|---|---|---|---|---|---|---|---|---|---|---|---|---|---|---|---|
| Dewey Decimal Classification | Non-fiction | Sarojini Nagar | Sarojini Nagar | 03/09/2024 | DBAD | 4800.00 | 915.49604 ANN | EN-125101 | 03/09/2024 | 1 | 4800.00 | 03/09/2024 | English Books |
